[Event "POL-chT Ekstraliga"]
[Site "Chotowa"]
[Date "2025.06.10"]
[Round "9.1"]
[White "Samunenkov, Igor"]
[Black "Maurizzi, Marc Andria"]
[Result "1/2-1/2"]
[WhiteElo "2562"]
[BlackElo "2607"]
[PlyCount "159"]
[EventDate "2025.06.02"]
[EventType "team-tourn"]
[EventRounds "9"]
[EventCountry "POL"]
[SourceTitle "CB24_2025"]
[SourceDate "2025.06.11"]
[SourceVersion "1"]
[SourceVersionDate "2025.06.11"]
[SourceQuality "1"]
[WhiteTeam "Gorzow Wielkopolski Stilon"]
[BlackTeam "Dabrowa Gornicza Zaglebie"]
[WhiteTeamCountry "POL"]
[BlackTeamCountry "POL"]

1. d4 d5 2. c4 dxc4 3. Nf3 a6 4. e3 b5 5. a4 Bb7 6. b3 Nf6 7. bxc4 b4 8. c5 Nc6 9. Nbd2 e5 10. dxe5 Nd7 11. Qc2 Nxc5 12. Be2 Be7 13. 0-0 a5 14. Rd1 Qc8 15. Nb3 Nxb3 16. Qxb3 0-0 17. Bb2 Ba6 18. Bc4 Nd8 19. Nd4 Bxc4 20. Qxc4 c5 21. Rac1 Ne6 22. Nf5 Ra7 23. f4 g6 24. Nd6 Qc6 25. f5 gxf5 26. Nxf5 Kh8 27. Rd6 Qa8 28. Rc2 Qe8 29. Rf2 Bxd6 30. exd6+ f6 31. h4 Rd7 32. Kh1 h5 33. Qd5 Ng7 34. Nxg7 Kxg7 35. e4 c4 36. Bd4 c3 37. e5 fxe5 38. Bxe5+ Kh7 39. Qd3+ Kg8 40. Qd5+ Rff7 41. Rf5 Kf8 42. Rg5 c2 43. Qc4 b3 44. Kh2 Rg7 45. Bxg7+ Rxg7 46. Rf5+ Rf7 47. Rxh5 Qd7 48. Qd4 Rg7 49. Rh8+ Rg8 50. Qf2+ Kg7 51. Qd4+ Kf8 52. Qf6+ Qf7 53. Qh6+ Ke8 54. Rxg8+ Qxg8 55. Qe3+ Kd7 56. Qe7+ Kc6 57. Qc7+ Kd5 58. d7 Ke4 59. Qc6+ Kd3 60. Qc8 Qxc8 61. dxc8Q b2 62. Qf5+ Kd2 63. Qxa5+ Kd1 64. Qd5+ Kc1 65. Qg5+ Kd1 66. Qg4+ Kc1 67. Qf4+ Kd1 68. Qd4+ Kc1 69. Qe3+ Kd1 70. Qd3+ Kc1 71. Qe3+ Kd1 72. Qd4+ Kc1 73. Qf4+ Kd1 74. Qd6+ Kc1 75. a5 b1Q 76. a6 Qa2 77. Qb6 Qa4 78. a7 Qxh4+ 79. Kg1 Qe1+ 80. Kh2 1/2-1/2

[Event "POL-chT Ekstraliga"]
[Site "Chotowa"]
[Date "2025.06.05"]
[Round "4.1"]
[White "Bluebaum, Matthias"]
[Black "Samunenkov, Igor"]
[Result "1-0"]
[WhiteElo "2663"]
[BlackElo "2562"]
[PlyCount "95"]
[EventDate "2025.06.02"]
[EventType "team-tourn"]
[EventRounds "9"]
[EventCountry "POL"]
[SourceTitle "CB24_2025"]
[SourceDate "2025.06.11"]
[SourceVersion "1"]
[SourceVersionDate "2025.06.11"]
[SourceQuality "1"]
[WhiteTeam "Raciborz Silesia"]
[BlackTeam "Gorzow Wielkopolski Stilon"]
[WhiteTeamCountry "POL"]
[BlackTeamCountry "POL"]

1. d4 d5 2. c4 c6 3. Nf3 Nf6 4. e3 e6 5. Bd3 Nbd7 6. 0-0 Be7 7. Nc3 0-0 8. b3 b6 9. Bb2 Bb7 10. Qe2 c5 11. cxd5 Nxd5 12. Nxd5 Bxd5 13. Rfd1 Nf6 14. dxc5 Bxc5 15. Ng5 g6 16. Bc4 h6 17. Bxd5 Nxd5 18. Ne4 Be7 19. Qf3 Rc8 20. Nc3 Bf6 21. Rac1 Bxc3 22. Bxc3 Qg5 23. Ba1 Qf5 24. Qe2 Rxc1 25. Rxc1 e5 26. Qc4 Nf6 27. f3 Re8 28. h3 Qg5 29. f4 Qg3 30. Qe2 Nd5 31. Bxe5 f6 32. Bd4 Qxf4 33. Rc8 Qe4 34. Qc4 Kf7 35. Rc7+ Kf8 36. Rxa7 Qe6 37. Qd3 Qe4 38. Qxe4 Rxe4 39. Rd7 Nxe3 40. Bxb6 Nf5 41. a4 Re1+ 42. Kf2 Rb1 43. Rd3 Rb2+ 44. Kg1 h5 45. a5 h4 46. a6 Ra2 47. a7 Ke7 48. Rd5 1-0

[Event "Sharjah Masters-A 8th"]
[Site "Sharjah"]
[Date "2025.05.23"]
[Round "7"]
[White "Samunenkov, Igor"]
[Black "Klimkowski, Jan"]
[Result "1-0"]
[WhiteElo "2572"]
[BlackElo "2503"]
[PlyCount "111"]
[EventDate "2025.05.17"]
[EventType "swiss"]
[EventRounds "9"]
[EventCountry "UAE"]
[SourceTitle "CB22_2025"]
[SourceDate "2025.05.28"]
[SourceVersion "1"]
[SourceVersionDate "2025.05.28"]
[SourceQuality "1"]

1. e4 c5 2. Nf3 d6 3. d4 cxd4 4. Nxd4 Nf6 5. Nc3 a6 6. Be2 e5 7. Nb3 Be7 8. g4 h6 9. Be3 Be6 10. h4 b5 11. Rg1 Nfd7 12. g5 hxg5 13. hxg5 Nb6 14. g6 N8d7 15. Nd5 Bxd5 16. exd5 f5 17. Qd3 Rf8 18. Na5 Qc7 19. 0-0-0 Rc8 20. Kb1 e4 21. Qd2 Ne5 22. Bd4 Bf6 23. Bxe5 Bxe5 24. Nc6 Bf6 25. Rg3 Nd7 26. Ra3 Qb6 27. Qa5 Qxa5 28. Rxa5 Nc5 29. b4 Na4 30. Rxa4 bxa4 31. Bxa6 Rc7 32. b5 Kd7 33. b6 Rcc8 34. Bb5 Bc3 35. Bxa4 Ra8 36. Na7+ Ke7 37. Bc6 Rab8 38. b7 Bb4 39. Nb5 Bc5 40. Nd4 Kf6 41. Kc1 Rh8 42. a4 Rh2 43. f4 e3 44. c3 Rf2 45. Re1 Rxf4 46. Rxe3 Re4 47. Kd2 Ke5 48. a5 Rxe3 49. Kxe3 Rh8 50. a6 f4+ 51. Kf3 Rh3+ 52. Kg2 Rh8 53. Kf3 Rh3+ 54. Kg2 Rh8 55. Bd7 Kxd5 56. Nc6 1-0

[Event "Sharjah Masters-A 8th"]
[Site "Sharjah"]
[Date "2025.05.22"]
[Round "6"]
[White "Pang, Tao"]
[Black "Samunenkov, Igor"]
[Result "1/2-1/2"]
[WhiteElo "2485"]
[BlackElo "2572"]
[PlyCount "126"]
[EventDate "2025.05.17"]
[EventType "swiss"]
[EventRounds "9"]
[EventCountry "UAE"]
[SourceTitle "CB22_2025"]
[SourceDate "2025.05.28"]
[SourceVersion "1"]
[SourceVersionDate "2025.05.28"]
[SourceQuality "1"]

1. c4 e6 2. Nc3 d5 3. d4 c6 4. e4 dxe4 5. Nxe4 Bb4+ 6. Bd2 Qxd4 7. Bxb4 Qxe4+ 8. Be2 Na6 9. Bd6 e5 10. Nf3 Bg4 11. Nxe5 Bxe2 12. Qxe2 Qxe2+ 13. Kxe2 Nh6 14. Rhd1 0-0-0 15. Kf1 f6 16. Nf3 Nf5 17. Ba3 h5 18. b3 c5 19. h3 b6 20. g3 Nb8 21. Bb2 Nc6 22. g4 hxg4 23. Rxd8+ Nxd8 24. hxg4 Nh4 25. Nxh4 Rxh4 26. g5 fxg5 27. Re1 Rh1+ 28. Ke2 Rxe1+ 29. Kxe1 Ne6 30. Ke2 g4 31. Ke3 Kd7 32. Ke4 g6 33. Be5 Kc6 34. Bc3 a6 35. Ke5 Kd7 36. Bd2 Ke7 37. Be3 a5 38. Kd5 Kd7 39. Ke5 Nd8 40. Kf6 Nc6 41. Kxg6 a4 42. bxa4 Ne5+ 43. Kf5 Nxc4 44. Kxg4 Ke6 45. Kf3 Kd5 46. Ke2 Nb2 47. a5 bxa5 48. Kd2 a4 49. Kc3 Nc4 50. Bf4 Na3 51. Be3 Nb5+ 52. Kd3 Nd6 53. Bf4 Ne4 54. Be3 Nf6 55. Bf4 Ng4 56. Be3 Ne5+ 57. Kc3 Nc6 58. Kb2 Na5 59. Ka3 Nc4+ 60. Kxa4 Nxe3 61. fxe3 Kc4 62. e4 Kd4 63. e5 Kxe5 1/2-1/2

[Event "Sharjah Masters-A 8th"]
[Site "Sharjah"]
[Date "2025.05.20"]
[Round "4"]
[White "Movahed, Sina"]
[Black "Samunenkov, Igor"]
[Result "0-1"]
[WhiteElo "2518"]
[BlackElo "2572"]
[PlyCount "84"]
[EventDate "2025.05.17"]
[EventType "swiss"]
[EventRounds "9"]
[EventCountry "UAE"]
[SourceTitle "CB22_2025"]
[SourceDate "2025.05.28"]
[SourceVersion "1"]
[SourceVersionDate "2025.05.28"]
[SourceQuality "1"]

1. e4 c5 2. Nf3 Nc6 3. d4 cxd4 4. Nxd4 Nf6 5. Nc3 e5 6. Ndb5 d6 7. Nd5 Nxd5 8. exd5 Nb8 9. c4 Be7 10. c5 0-0 11. Bd3 Na6 12. cxd6 Bxd6 13. 0-0 Nc7 14. Bg5 Qd7 15. Qh5 f5 16. Nxd6 Qxd6 17. Rfd1 Bd7 18. Rac1 Rac8 19. Qh4 Nxd5 20. Bc4 Be6 21. h3 Rf7 22. Rc3 Rxc4 23. Rxc4 f4 24. Qh5 Rf5 25. Qe8+ Rf8 26. Qb5 h6 27. Bh4 g5 28. Qxb7 Rf7 29. Qa8+ Rf8 30. Qb7 Rf7 31. Qc6 Rd7 32. Qa8+ Kg7 33. Rc6 Qe7 34. Qb8 Bf7 35. Re1 e4 36. Bg3 Rb7 37. Qc8 fxg3 38. fxg3 Rxb2 39. Qg4 Nf6 40. Qf5 e3 41. Rc3 Qb7 42. Qf1 Rf2 0-1

[Event "Sharjah Masters-A 8th"]
[Site "Sharjah"]
[Date "2025.05.18"]
[Round "2"]
[White "Royal, Shreyas"]
[Black "Samunenkov, Igor"]
[Result "0-1"]
[WhiteElo "2493"]
[BlackElo "2572"]
[PlyCount "120"]
[EventDate "2025.05.17"]
[EventType "swiss"]
[EventRounds "9"]
[EventCountry "UAE"]
[SourceTitle "CB22_2025"]
[SourceDate "2025.05.28"]
[SourceVersion "1"]
[SourceVersionDate "2025.05.28"]
[SourceQuality "1"]

1. d4 d5 2. c4 e6 3. Nf3 Nf6 4. g3 dxc4 5. Bg2 c5 6. 0-0 Nc6 7. Ne5 Bd7 8. Na3 cxd4 9. Naxc4 Rc8 10. Qb3 Nxe5 11. Nxe5 Bd6 12. Nxd7 Qxd7 13. Rd1 Be5 14. Qxb7 Qxb7 15. Bxb7 Rc7 16. Bf3 Ke7 17. Bf4 Bxf4 18. gxf4 Rb8 19. b3 Rd8 20. Rd2 d3 21. e3 Rc3 22. Rad1 Rd6 23. b4 Nd5 24. Rxd3 Rxd3 25. Rxd3 Nxb4 26. Rb3 Rb6 27. a3 Na2 28. Rd3 a5 29. Rd4 Rb5 30. Rc4 Rb1+ 31. Kg2 Rc1 32. Rd4 Rc3 33. Ra4 Rc5 34. Rd4 Nc3 35. a4 f6 36. Bb7 h5 37. Kh3 e5 38. fxe5 fxe5 39. Rh4 g6 40. f3 Nd1 41. f4 Nxe3 42. fxe5 Ng4 43. Kg3 Nxe5 44. Rf4 g5 45. Rf5 h4+ 46. Kh3 Rc3+ 47. Kg2 Rc2+ 48. Kg1 Rc1+ 49. Kg2 Rc2+ 50. Kg1 Rc5 51. Ba6 g4 52. Rf2 Rc3 53. Re2 Kf6 54. Kf2 Kf5 55. Rd2 Nf3 56. Rd5+ Ke4 57. Bb7 Kf4 58. Rxa5 g3+ 59. hxg3+ hxg3+ 60. Kf1 Rc1+ 0-1

[Event "Sardinia World op-A"]
[Site "Orosei"]
[Date "2025.05.02"]
[Round "8"]
[White "Kiolbasa, Oliwia"]
[Black "Samunenkov, Igor"]
[Result "0-1"]
[WhiteElo "2361"]
[BlackElo "2572"]
[PlyCount "90"]
[EventDate "2025.04.27"]
[EventType "swiss"]
[EventRounds "9"]
[EventCountry "ITA"]
[SourceTitle "CB19_2025"]
[SourceDate "2025.05.07"]
[SourceVersion "1"]
[SourceVersionDate "2025.05.07"]
[SourceQuality "1"]

1. e4 c6 2. d4 d5 3. e5 Bf5 4. Nf3 e6 5. Be2 Ne7 6. 0-0 c5 7. c3 Nec6 8. Be3 Nd7 9. Nbd2 Be7 10. a3 c4 11. Ne1 0-0 12. f4 f6 13. Bg4 Bxg4 14. Qxg4 f5 15. Qe2 b5 16. g4 Nb6 17. b4 a5 18. Nc2 Na4 19. Nb1 fxg4 20. Qxg4 Qd7 21. Bf2 Nb2 22. Nd2 Nd3 23. Bg3 Bd8 24. Ne1 Nxe1 25. Rfxe1 Ne7 26. Bh4 Ng6 27. Bg3 Bb6 28. Nf1 Ne7 29. Ne3 Nf5 30. Nxf5 Rxf5 31. Bf2 Qa7 32. Kg2 Bd8 33. Bh4 h5 34. Qg3 Bxh4 35. Qxh4 Qf7 36. Rf1 axb4 37. cxb4 Rf8 38. Qh3 Rxf4 39. Rxf4 Qxf4 40. Qxe6+ Kh7 41. Qxd5 Qg4+ 42. Kh1 Qe2 43. Qg2 Rf2 44. Qh3 Qe4+ 45. Kg1 Qxd4 0-1

[Event "Sardinia World op-A"]
[Site "Orosei"]
[Date "2025.04.30"]
[Round "6"]
[White "Sokolovsky, Yahli"]
[Black "Samunenkov, Igor"]
[Result "1/2-1/2"]
[WhiteElo "2546"]
[BlackElo "2572"]
[PlyCount "45"]
[EventDate "2025.04.27"]
[EventType "swiss"]
[EventRounds "9"]
[EventCountry "ITA"]
[SourceTitle "CB19_2025"]
[SourceDate "2025.05.07"]
[SourceVersion "1"]
[SourceVersionDate "2025.05.07"]
[SourceQuality "1"]

1. e4 e5 2. Nf3 Nf6 3. Nxe5 d6 4. Nf3 Nxe4 5. Nc3 Nxc3 6. dxc3 Be7 7. Be3 0-0 8. Qd2 Nd7 9. 0-0-0 Nf6 10. Bd3 Re8 11. Rhe1 Bg4 12. Bg5 Qd7 13. Kb1 Bf5 14. h3 h6 15. Bh4 Bxd3 16. Qxd3 Nh7 17. Bxe7 Rxe7 18. Rxe7 Qxe7 19. Qd5 Rb8 20. a3 Nf6 21. Qd4 Ra8 22. Re1 Qd7 23. c4 1/2-1/2

[Event "Sardinia World op-A"]
[Site "Orosei"]
[Date "2025.04.27"]
[Round "1"]
[White "Samunenkov, Igor"]
[Black "Beliman, Alexandro"]
[Result "1/2-1/2"]
[WhiteElo "2572"]
[BlackElo "2152"]
[PlyCount "103"]
[EventDate "2025.04.27"]
[EventType "swiss"]
[EventRounds "9"]
[EventCountry "ITA"]
[SourceTitle "CB19_2025"]
[SourceDate "2025.05.07"]
[SourceVersion "1"]
[SourceVersionDate "2025.05.07"]
[SourceQuality "1"]

1. d4 Nf6 2. c4 c6 3. Nf3 d5 4. g3 Bg4 5. Ne5 Bf5 6. cxd5 cxd5 7. Nc3 Nc6 8. f3 g6 9. g4 Be6 10. Bf4 Bg7 11. e3 0-0 12. Bd3 Nd7 13. Nxd7 Bxd7 14. Bb5 a6 15. Ba4 b5 16. Bb3 e6 17. Ne2 Qe7 18. Rc1 e5 19. dxe5 Nxe5 20. Nc3 d4 21. Nd5 Qd8 22. e4 Be6 23. 0-0 Nc4 24. Bxc4 bxc4 25. Rxc4 Bxd5 26. exd5 Qxd5 27. Qd3 h5 28. h3 Rac8 29. Rfc1 Rxc4 30. Rxc4 Re8 31. a4 h4 32. Kg2 Qe6 33. Rc2 Bf6 34. b4 Qb6 35. b5 axb5 36. Qxb5 Qe6 37. a5 Rd8 38. Qb6 d3 39. Qxe6 fxe6 40. Ra2 Bc3 41. Bd2 Bxd2 42. Rxd2 Ra8 43. Rxd3 Rxa5 44. Rd7 g5 45. Re7 Re5 46. Kf2 Kf8 47. Rh7 Kg8 48. Rh5 Ra5 49. f4 Ra2+ 50. Kf3 Ra3+ 51. Ke4 Ra4+ 52. Kf3 1/2-1/2

[Event "Titled Tuesday intern op 01st Apr Late"]
[Site "Chess.com INT"]
[Date "2025.04.01"]
[Round "10"]
[White "Perea Fruet, Lorenzo"]
[Black "Samunenkov, Igor"]
[Result "0-1"]
[WhiteElo "2374"]
[BlackElo "2572"]
[PlyCount "96"]
[EventDate "2025.04.01"]
[EventType "swiss (blitz)"]
[EventRounds "11"]
[EventCountry "USA"]
[SourceTitle "CB15_2025"]
[SourceDate "2025.04.09"]
[SourceVersion "1"]
[SourceVersionDate "2025.04.09"]
[SourceQuality "1"]

1. f4 d5 2. Nf3 Nf6 3. g3 g6 4. Bg2 Bg7 5. d3 0-0 6. 0-0 c5 7. c3 Nc6 8. Qc2 d4 9. e4 dxe3 10. Bxe3 b6 11. Ne5 Nxe5 12. Bxa8 Neg4 13. Re1 Ba6 14. Bf3 Bxd3 15. Qd1 Nxe3 16. Rxe3 c4 17. Na3 e6 18. Be2 Nd5 19. Rf3 Be4 20. Rf2 Qc7 21. Nxc4 Rd8 22. Qe1 Qc5 23. Rd1 h5 24. Nd2 Bc2 25. Nb3 Qe3 26. Rd2 Be4 27. Rd1 Rc8 28. Bf1 Bf5 29. Nd4 Bg4 30. Qxe3 Nxe3 31. Rd3 Nc4 32. h3 Bf5 33. Nxf5 gxf5 34. Kg2 a5 35. b3 Na3 36. c4 b5 37. cxb5 Nxb5 38. Rfd2 Bf6 39. Rd7 Nc3 40. Bc4 Ne4 41. Rd1 a4 42. Ra7 axb3 43. axb3 Nc5 44. Rd6 Rb8 45. Rc6 Nxb3 46. Rac7 Rb4 47. Rc8+ Kg7 48. R6c7 Nd4 0-1

[Event "EU-ch 25th"]
[Site "Eforie Nord"]
[Date "2025.03.26"]
[Round "11"]
[White "Haring, Filip"]
[Black "Samunenkov, Igor"]
[Result "1/2-1/2"]
[WhiteElo "2476"]
[BlackElo "2556"]
[PlyCount "136"]
[EventDate "2025.03.15"]
[EventType "swiss"]
[EventRounds "11"]
[EventCountry "ROU"]
[SourceTitle "CB13_2025"]
[SourceDate "2025.03.26"]
[SourceVersion "1"]
[SourceVersionDate "2025.03.26"]
[SourceQuality "1"]

1. e4 c5 2. Nf3 g6 3. c3 d5 4. e5 Bg4 5. Bb5+ Nd7 6. d4 Bxf3 7. Qxf3 a6 8. Bxd7+ Qxd7 9. 0-0 e6 10. h4 Rc8 11. dxc5 Bxc5 12. h5 Ne7 13. Bg5 Nf5 14. Nd2 gxh5 15. Bf6 Rg8 16. Qxh5 h6 17. Nb3 Qa4 18. Qf3 Bb6 19. Rad1 Rg3 20. Qe2 Qf4 21. Kh1 Rg4 22. Rd3 Kd7 23. Nd2 Rcg8 24. g3 Qa4 25. c4 Nd4 26. Qd1 Qc6 27. cxd5 Qxd5+ 28. Kh2 Kc7 29. b3 h5 30. Nc4 h4 31. Ne3 hxg3+ 32. fxg3 Qe4 33. Nxg4 Rxg4 34. Rc3+ Kb8 35. Qd3 Qd5 36. Rf4 Rxf4 37. gxf4 Ba5 38. Be7 Bxc3 39. Bd6+ Ka8 40. Qxc3 Nc6 41. Bc5 Kb8 42. Kg3 Kc8 43. Kf2 Qd1 44. Bb6 Kd7 45. Bc5 Ke8 46. a4 Qd5 47. Kg3 Qe4 48. b4 Qe2 49. Bd6 Kd7 50. Bc5 Kd8 51. Bb6+ Kc8 52. Bc5 b5 53. axb5 axb5 54. Qa3 Kb7 55. Qc3 Qd1 56. Kf2 Qd5 57. Ke3 Qg2 58. Qd2 Qh3+ 59. Ke2 Qh2+ 60. Ke3 Qh3+ 61. Ke2 Qg2+ 62. Ke3 Qxd2+ 63. Kxd2 Nb8 64. Kd3 Na6 65. Bd6 Kc6 66. Ke4 f6 67. Kd4 f5 68. Kc3 Nc7 1/2-1/2

[Event "EU-ch 25th"]
[Site "Eforie Nord"]
[Date "2025.03.23"]
[Round "8"]
[White "Samunenkov, Igor"]
[Black "Szpar, Milosz"]
[Result "1/2-1/2"]
[WhiteElo "2556"]
[BlackElo "2449"]
[PlyCount "81"]
[EventDate "2025.03.15"]
[EventType "swiss"]
[EventRounds "11"]
[EventCountry "ROU"]
[SourceTitle "CB13_2025"]
[SourceDate "2025.03.26"]
[SourceVersion "1"]
[SourceVersionDate "2025.03.26"]
[SourceQuality "1"]

1. d4 Nf6 2. c4 e6 3. Nc3 Bb4 4. e3 0-0 5. Bd3 d5 6. a3 dxc4 7. Bxc4 Bd6 8. Nf3 Nc6 9. e4 e5 10. d5 Ne7 11. 0-0 h6 12. h3 Bd7 13. Re1 a6 14. Be3 b5 15. Bf1 Re8 16. b4 Ng6 17. Nd2 Nf4 18. Nb3 g5 19. Nc5 Kh7 20. Qc2 N6h5 21. Nxd7 Qxd7 22. Ne2 Rg8 23. Ng3 g4 24. h4 Nxg3 25. fxg3 Nh5 26. Qf2 f5 27. Bd3 f4 28. gxf4 g3 29. Qf3 Nxf4 30. Bxf4 Raf8 31. Qh5 Rxf4 32. Rf1 Qg4 33. Qxg4 Rgxg4 34. Rxf4 Rxf4 35. Rc1 Kg6 36. Rc6 Rf2 37. Rxa6 Ra2 38. Kf1 Rf2+ 39. Kg1 Ra2 40. Kf1 Rf2+ 41. Kg1 1/2-1/2

[Event "Titled Tuesday intern op 11th Mar Early"]
[Site "Chess.com INT"]
[Date "2025.03.11"]
[Round "8"]
[White "Kalinin, Nikita An"]
[Black "Samunenkov, Igor"]
[Result "0-1"]
[WhiteElo "2333"]
[BlackElo "2556"]
[PlyCount "88"]
[EventDate "2025.03.11"]
[EventType "swiss (blitz)"]
[EventRounds "11"]
[EventCountry "USA"]
[SourceTitle "CB12_2025"]
[SourceDate "2025.03.19"]
[SourceVersion "1"]
[SourceVersionDate "2025.03.19"]
[SourceQuality "1"]

1. e4 c5 2. Nf3 e6 3. c3 d6 4. d4 Nf6 5. Bd3 Nbd7 6. 0-0 Be7 7. Qe2 e5 8. a4 0-0 9. Na3 Re8 10. Rd1 Qc7 11. d5 a6 12. Nc4 b6 13. b4 Bb7 14. Ne3 g6 15. g4 cxb4 16. cxb4 a5 17. Bd2 axb4 18. Bxb4 Nc5 19. Bxc5 bxc5 20. Nd2 Nd7 21. Bb5 Bg5 22. Ndc4 Ba6 23. Bxa6 Rxa6 24. Na3 Qc8 25. Nec4 Nf6 26. Nb5 Rd8 27. f3 h5 28. h3 Kg7 29. a5 hxg4 30. hxg4 Bf4 31. Nbxd6 Rdxd6 32. Nxd6 Rxd6 33. a6 Qa8 34. a7 Rd7 35. Qa2 Be3+ 36. Kg2 Bd4 37. Rxd4 cxd4 38. g5 Nh5 39. Qa6 Nf4+ 40. Kg3 Nh5+ 41. Kf2 d3 42. Qc6 Rd8 43. Qxa8 Rxa8 44. d6 Kf8 0-1

[Event "Titled Tuesday intern op 11th Mar Early"]
[Site "Chess.com INT"]
[Date "2025.03.11"]
[Round "10"]
[White "Samunenkov, Igor"]
[Black "Fier, Alexandr"]
[Result "1-0"]
[WhiteElo "2556"]
[BlackElo "2534"]
[PlyCount "65"]
[EventDate "2025.03.11"]
[EventType "swiss (blitz)"]
[EventRounds "11"]
[EventCountry "USA"]
[SourceTitle "CB12_2025"]
[SourceDate "2025.03.19"]
[SourceVersion "1"]
[SourceVersionDate "2025.03.19"]
[SourceQuality "1"]

1. d4 Nf6 2. c4 c5 3. d5 e6 4. Nc3 exd5 5. cxd5 d6 6. Nf3 g6 7. e4 a6 8. a4 Bg4 9. h3 Bxf3 10. Qxf3 Bg7 11. Bd3 0-0 12. 0-0 Nbd7 13. Bc2 h5 14. a5 Nh7 15. Qg3 h4 16. Qg4 Ne5 17. Qe2 f5 18. exf5 gxf5 19. f4 Nd7 20. Qe6+ Rf7 21. Bxf5 Nhf8 22. Qe4 Nf6 23. Qd3 Nh5 24. Be6 Bd4+ 25. Be3 Nxe6 26. dxe6 Bxe3+ 27. Qxe3 Rg7 28. Nd5 Ng3 29. f5 Nxf1 30. Rxf1 Qg5 31. Qxg5 Rxg5 32. Nf6+ Kf8 33. Nh7+ 1-0

[Event "Titled Tuesday intern op 11th Mar Early"]
[Site "Chess.com INT"]
[Date "2025.03.11"]
[Round "9"]
[White "Samunenkov, Igor"]
[Black "Yuan, Qingyu"]
[Result "1-0"]
[WhiteElo "2556"]
[BlackElo "2341"]
[PlyCount "111"]
[EventDate "2025.03.11"]
[EventType "swiss (blitz)"]
[EventRounds "11"]
[EventCountry "USA"]
[SourceTitle "CB12_2025"]
[SourceDate "2025.03.19"]
[SourceVersion "1"]
[SourceVersionDate "2025.03.19"]
[SourceQuality "1"]

1. d4 d5 2. Nc3 Nf6 3. Bf4 c5 4. e4 Nxe4 5. Nxe4 dxe4 6. dxc5 Qa5+ 7. c3 Qxc5 8. Qa4+ Nc6 9. Qxe4 g6 10. Nf3 Bg7 11. Rd1 0-0 12. Be3 Qa5 13. Bc4 Bf5 14. Qh4 Ne5 15. Nxe5 Qxe5 16. 0-0 Bf6 17. Qh6 Bg7 18. Qf4 Rfd8 19. Qxe5 Bxe5 20. Bd5 Rd7 21. Bf3 Rad8 22. Bxa7 Ra8 23. Rxd7 Bxd7 24. Re1 Rxa7 25. Rxe5 Rxa2 26. h4 Rxb2 27. Rxe7 Bc6 28. Bxc6 bxc6 29. Rc7 Rb6 30. g4 h6 31. f4 Ra6 32. Kf2 Kg7 33. Ke3 Kf6 34. Kd4 Ke6 35. Kc5 Ra5+ 36. Kb4 Ra6 37. c4 h5 38. gxh5 gxh5 39. Kc5 Ra5+ 40. Kb6 Rf5 41. Rxc6+ Kd7 42. c5 Rxf4 43. Rd6+ Kc8 44. Rh6 Rb4+ 45. Kc6 Kd8 46. Rxh5 Ke7 47. Kc7 Ke6 48. c6 Rc4 49. Kb6 Kd6 50. Rh6+ Ke7 51. h5 f6 52. Rh8 Kd6 53. Rd8+ Ke7 54. c7 Rb4+ 55. Ka5 Rd4 56. Rxd4 1-0

[Event "Titled Tuesday intern op 11th Mar Early"]
[Site "Chess.com INT"]
[Date "2025.03.11"]
[Round "11"]
[White "Szpar, Milosz"]
[Black "Samunenkov, Igor"]
[Result "0-1"]
[WhiteElo "2449"]
[BlackElo "2556"]
[PlyCount "100"]
[EventDate "2025.03.11"]
[EventType "swiss (blitz)"]
[EventRounds "11"]
[EventCountry "USA"]
[SourceTitle "CB12_2025"]
[SourceDate "2025.03.19"]
[SourceVersion "1"]
[SourceVersionDate "2025.03.19"]
[SourceQuality "1"]

1. d4 Nf6 2. c4 e6 3. Nc3 Bb4 4. e3 0-0 5. Bd2 d5 6. Nf3 b6 7. cxd5 exd5 8. Rc1 Re8 9. Bd3 c5 10. dxc5 bxc5 11. 0-0 Bg4 12. h3 Bh5 13. a3 Ba5 14. b4 c4 15. bxa5 cxd3 16. Nb5 Na6 17. Rc6 Qd7 18. Nbd4 Nc7 19. Qc1 Rac8 20. Bb4 Nb5 21. Ne5 Nxd4 22. exd4 Rxc6 23. Nxd7 Rxc1 24. Nxf6+ gxf6 25. Rxc1 Be2 26. f3 Re6 27. Kf2 h5 28. h4 Kg7 29. Rc7 a6 30. Bd2 Bd1 31. Be3 f5 32. Rc3 Bc2 33. g3 Kh7 34. Rc5 Bb3 35. Rc3 Bc4 36. Rc1 Re7 37. Rb1 Kg7 38. Rb2 f6 39. Bf4 Kg6 40. Be3 Re8 41. Bf4 Bb5 42. Be3 Rc8 43. Bf4 Rc3 44. Bd6 Rc1 45. Ke3 Re1+ 46. Kf2 Rh1 47. Ke3 Kf7 48. Kf2 Ke6 49. Bf4 Rh2+ 50. Ke3 Rxb2 0-1

[Event "Titled Tuesday intern op 25th Feb Early"]
[Site "Chess.com INT"]
[Date "2025.02.25"]
[Round "9"]
[White "Djordjevic, Vuk D"]
[Black "Samunenkov, Igor"]
[Result "0-1"]
[WhiteElo "2350"]
[BlackElo "2550"]
[PlyCount "138"]
[EventDate "2025.02.25"]
[EventType "swiss (blitz)"]
[EventRounds "11"]
[EventCountry "USA"]
[SourceTitle "CB10_2025"]
[SourceDate "2025.03.05"]
[SourceVersion "1"]
[SourceVersionDate "2025.03.05"]
[SourceQuality "1"]

1. d4 Nf6 2. Bg5 e6 3. e4 h6 4. Bxf6 Qxf6 5. c3 d5 6. Bd3 dxe4 7. Bxe4 Bd6 8. Nf3 Nd7 9. Nbd2 Qe7 10. Nc4 Nf6 11. Bd3 Bd7 12. 0-0 0-0 13. Nfe5 Rfd8 14. Re1 c5 15. dxc5 Bxc5 16. Qf3 Be8 17. Rad1 Rd5 18. b4 Bd6 19. Qe2 Bc7 20. Nf3 Rad8 21. Ne3 R5d7 22. a3 a5 23. Bb5 Rxd1 24. Rxd1 Rxd1+ 25. Nxd1 Nd5 26. Bxe8 Qxe8 27. c4 Nf4 28. Qd2 Qa4 29. bxa5 Bxa5 30. Qd6 Qxc4 31. g3 Nd5 32. Ne3 Qc1+ 33. Nf1 Bb6 34. Kg2 Qc2 35. N1d2 Qd3 36. Qb8+ Kh7 37. Qxb7 Qe2 38. Qxf7 Qxf2+ 39. Kh3 Qe2 40. Qh5 Qe3 41. Qg4 Nf6 42. Qf4 Qxa3 43. Ne4 Qe7 44. Nxf6+ Qxf6 45. Qe4+ Kh8 46. Nh4 Bc7 47. Ng6+ Kg8 48. Nf4 Bxf4 49. gxf4 Qf5+ 50. Qxf5 exf5 51. Kg3 Kf7 52. Kf3 Ke6 53. Ke3 Kd5 54. Kd3 g5 55. fxg5 hxg5 56. Ke3 Kc4 57. Ke2 Kd4 58. Kf3 Kd3 59. Kf2 Ke4 60. Ke2 Kf4 61. Kf2 Kg4 62. Kg2 f4 63. Kf2 Kh3 64. Kg1 g4 65. Kh1 g3 66. hxg3 Kxg3 67. Kg1 f3 68. Kf1 f2 69. Ke2 Kg2 0-1

[Event "Titled Tuesday intern op 25th Feb Early"]
[Site "Chess.com INT"]
[Date "2025.02.25"]
[Round "4"]
[White "Samunenkov, Igor"]
[Black "Hamidov, Allahverdi"]
[Result "1-0"]
[WhiteElo "2550"]
[BlackElo "2223"]
[PlyCount "129"]
[EventDate "2025.02.25"]
[EventType "swiss (blitz)"]
[EventRounds "11"]
[EventCountry "USA"]
[SourceTitle "CB10_2025"]
[SourceDate "2025.03.05"]
[SourceVersion "1"]
[SourceVersionDate "2025.03.05"]
[SourceQuality "1"]

1. e4 e6 2. d4 d5 3. Nd2 c5 4. exd5 exd5 5. Ngf3 Nc6 6. Bb5 Qe7+ 7. Qe2 Qxe2+ 8. Kxe2 a6 9. Bxc6+ bxc6 10. dxc5 Bxc5 11. Nb3 Bd6 12. Be3 a5 13. Bc5 Kd7 14. a4 Bxc5 15. Nxc5+ Kd6 16. Nd3 Ne7 17. Nd4 Bd7 18. Nb3 Bf5 19. Nbc5 Bxd3+ 20. Nxd3 c5 21. Kd2 Rhe8 22. Rhe1 c4 23. Ne5 f6 24. Nf3 Nc6 25. c3 Rab8 26. Kc2 g5 27. Rad1 Kc5 28. h3 h5 29. g3 g4 30. hxg4 hxg4 31. Rxe8 Rxe8 32. Nd4 Nxd4+ 33. Rxd4 Re2+ 34. Kb1 Rxf2 35. Rxg4 Rg2 36. Rf4 Rxg3 37. Rxf6 d4 38. Rf5+ Kb6 39. cxd4 Rd3 40. Rb5+ Ka6 41. d5 Rd2 42. Kc1 Rd3 43. Kc2 Ka7 44. Rxa5+ Kb6 45. Rb5+ Ka6 46. Rc5 Kb6 47. Rxc4 Rxd5 48. b4 Rh5 49. Kb3 Rh1 50. a5+ Ka6 51. Rc6+ Kb7 52. Rb6+ Ka7 53. Ka4 Rh5 54. Rf6 Rh7 55. Rf4 Rg7 56. b5 Rh7 57. Rc4 Rg7 58. a6 Re7 59. Ka5 Rh7 60. b6+ Kb8 61. Rc5 Rg7 62. Rd5 Rg8 63. a7+ Ka8 64. Ka6 Rh8 65. b7# 1-0